Former Countries Of The British Empire - Sudden Death - Statistics

General Stats
  • This quiz has been taken 69 times
    68 since last reset
  • The average score is 17 of 21
Answers on the Grid
Answers color-coded by a green-red scale on the quiz's grid according to % correct below.
Canada
Brazil
Guyana
Mexico
Jamaica
Egypt
Japan
Belize
Bahamas
South Africa
Chile
Fiji
Morocco
Malta
Oman
Trinidad And Tobago
Norway
Greece
Nigeria
Libya
Sri Lanka
Australia
Kuwait
Ireland
Paraguay
Senegal
New Zealand
Cyprus
Kenya
India
Pakistan
Ethiopia
 
Answer Stats
Answer % Correct
Canada
95%
Jamaica
90%
Nigeria
90%
South Africa
90%
Egypt
85%
India
85%
Australia
80%
Bahamas
80%
Belize
80%
Fiji
80%
Guyana
80%
Ireland
80%
Kenya
80%
New Zealand
80%
Malta
75%
Trinidad And Tobago
75%
Cyprus
70%
Pakistan
70%
Sri Lanka
70%
Kuwait
65%
Oman
65%
No matching quizzes found
Score Distribution
Percent of People with Each Score
Percentile by Number Answered
Your Score History
You have not taken this quiz since the last reset